Nationalism and conflict management / (Record no. 14773)
[ view plain ]
| 000 -LEADER | |
|---|---|
| fixed length control field | 02152nam a2200277 a 4500 |
| 001 - CONTROL NUMBER | |
| control field | ASIN0415520452 |
| 005 - DATE AND TIME OF LATEST TRANSACTION | |
| control field | 20170105102904.0 |
| 008 - FIXED-LENGTH DATA ELEMENTS--GENERAL INFORMATION | |
| fixed length control field | 131021s2012 xxu eng d |
| 020 ## - INTERNATIONAL STANDARD BOOK NUMBER | |
| International Standard Book Number | 0415520452 (hardcover) |
| Terms of availability | $145.00 |
| 020 ## - INTERNATIONAL STANDARD BOOK NUMBER | |
| International Standard Book Number | 9780415520454 (hardcover) |
| 040 ## - CATALOGING SOURCE | |
| Original cataloging agency | 0 |
| 050 04 - LIBRARY OF CONGRESS CALL NUMBER | |
| Classification number | HM1126 |
| 082 04 - DEWEY DECIMAL CLASSIFICATION NUMBER | |
| Classification number | 303.69 |
| 245 10 - TITLE STATEMENT | |
| Title | Nationalism and conflict management / |
| Statement of responsibility, etc. | Eric Taylor Woods, Robert S. Schertzer, Eric Kaufmann. |
| 260 ## - PUBLICATION, DISTRIBUTION, ETC. | |
| Place of publication, distribution, etc. | [S.l.] : |
| Name of publisher, distributor, etc. | Routledge, |
| Date of publication, distribution, etc. | 2012. |
| 300 ## - PHYSICAL DESCRIPTION | |
| Extent | 136 p. ; |
| Dimensions | 22 cm. |
| 520 ## - SUMMARY, ETC. | |
| Summary, etc. | Ethno-national conflict is one of the central issues of modern politics. Despite the emergence of approaches to managing it, from nation-building to territorial autonomy, in recent years, the application of these approaches has been uneven. Old conflicts persist and new ones continually emerge. The authors of this book contend that what is needed to drive forward the theory and practice of ethno-national conflict management is a more nuanced understanding of ethnicity and nationalism. The book addresses this issue by linking theories of ethnicity and nationalism to theories of conflict management. Its contributors share a common goal of demonstrating that a nuanced understanding of ethnicity and nationalism can beneficially inform conflict management in theory and practice. To do so, they analyse both hot and cold conflict zones, as well as cases that have been important in the development of the most widely-used conflict management models. The book is aimed at those interested in the theory and practice of ethno-national conflict management as well as the study of ethnicity and nationalism. It is well-suited for undergraduate and advanced research students, experts and policy-makers. This book was originally published as a special issue of Commonwealth and Comparative Politics . |
| 650 #0 - SUBJECT ADDED ENTRY--TOPICAL TERM | |
| Topical term or geographic name entry element | Conflict management |
| 650 #0 - SUBJECT ADDED ENTRY--TOPICAL TERM | |
| Topical term or geographic name entry element | Ethnicity--Political aspects |
| 650 #0 - SUBJECT ADDED ENTRY--TOPICAL TERM | |
| Topical term or geographic name entry element | Nationalism |
| 700 1# - ADDED ENTRY--PERSONAL NAME | |
| Personal name | Kaufmann, Eric. |
| 700 1# - ADDED ENTRY--PERSONAL NAME | |
| Personal name | Schertzer, Robert S. |
| 700 1# - ADDED ENTRY--PERSONAL NAME | |
| Personal name | Woods, Eric Taylor. |
| 856 40 - ELECTRONIC LOCATION AND ACCESS | |
| Materials specified | Amazon.com |
| Uniform Resource Identifier | <a href="http://www.amazon.com/exec/obidos/ASIN/0415520452/chopaconline-20">http://www.amazon.com/exec/obidos/ASIN/0415520452/chopaconline-20</a> |
| 942 ## - ADDED ENTRY ELEMENTS (KOHA) | |
| Source of classification or shelving scheme | |
| Koha item type | Book |
| Withdrawn status | Lost status | Damaged status | Not for loan | Collection code | Permanent Location | Current Location | Shelving location | Date acquired | Total Checkouts | Full call number | Barcode | Date last seen | Price effective from | Koha item type |
|---|---|---|---|---|---|---|---|---|---|---|---|---|---|---|
| Centre for International Peace & Stability (CIPS) | Centre for International Peace & Stability (CIPS) | General Stacks | 10/01/2013 | 303.69 NAT 2013 | CIPS0001392 | 10/21/2013 | 10/21/2013 | Book |
